000 00764nam a2200289Ia 4500
001 11789
005 20240113235329.0
007 ta
008 050926s1987 a g b000 u eng u
020 _a81-7043-073-9
040 _aCottonCollege Assam
041 _aeng
082 _a370
_bDh 537 Fo
100 _aDhiman, O.P. .
245 0 _aFoundations of Education: Philosophy and Sociology of Education /
_cO.P.Dhiman.
_hTextual Documents
250 _a1st ed. /
260 _aDelhi :
_bAtmaram & Sons ,
_c1987.
300 _a316p. :
_bill ;
_c22cm .
504 _aBib.
653 _aEducation
653 _aEducational Philosophy
653 _aG-Education
942 _2ddc
_cBK
999 _c11776
_d11776